Controlling particles, vapour and noise pollution from construction sites (Record no. 103512)

MARC details
000 -LEADER
fixed length control field 01344cam a2200337 4500
008 - FIXED-LENGTH DATA ELEMENTS--GENERAL INFORMATION
fixed length control field 040423n2003 000 0 eng u
020 ## - INTERNATIONAL STANDARD BOOK NUMBER
International Standard Book Number 1860816568
035 ## - SYSTEM CONTROL NUMBER
System control number (Sirsi) u125934
041 ## - LANGUAGE CODE
Language code of text/sound track or separate title eng
050 ## - LIBRARY OF CONGRESS CALL NUMBER
Classification number 614.7
-- 18
100 ## - MAIN ENTRY--PERSONAL NAME
Personal name Kukadia, Vina
245 ## - TITLE STATEMENT
Title Controlling particles, vapour and noise pollution from construction sites
Remainder of title Part 3 haulage routes, vehicles and plant
260 ## - PUBLICATION, DISTRIBUTION, ETC.
Place of publication, distribution, etc. Watford
Name of publisher, distributor, etc. BRE
Date of publication, distribution, etc. 2003
300 ## - PHYSICAL DESCRIPTION
Extent 6p.
Dimensions 300cm.
490 ## - SERIES STATEMENT
Series statement BRE Pollution Control Guide
Volume/sequential designation 3
520 ## - SUMMARY, ETC.
Summary, etc. This guide is the third in a series intended to assist with the control of air pollutions and noise emissions associated with haulage routes, vehicles and construction plant. Although techniques have not been validated under controlled conditions and therefore must be used with care, recommendations are drawn from cases where they have been found to be effective.
650 ## - SUBJECT ADDED ENTRY--TOPICAL TERM
Topical term or geographic name entry element POLLUTION
650 ## - SUBJECT ADDED ENTRY--TOPICAL TERM
Topical term or geographic name entry element AIR POLLUTION
650 ## - SUBJECT ADDED ENTRY--TOPICAL TERM
Topical term or geographic name entry element NOISE POLLUTION
650 ## - SUBJECT ADDED ENTRY--TOPICAL TERM
Topical term or geographic name entry element CONSTRUCTION SITES
650 ## - SUBJECT ADDED ENTRY--TOPICAL TERM
Topical term or geographic name entry element CONSTRUCTION TRAFFIC
650 ## - SUBJECT ADDED ENTRY--TOPICAL TERM
Topical term or geographic name entry element PLANT
690 ## - LOCAL SUBJECT ADDED ENTRY--TOPICAL TERM (OCLC, RLIN)
Topical term or geographic name as entry element BUILDING AND CONSTRUCTION-MANAGEMENT
700 ## - ADDED ENTRY--PERSONAL NAME
Personal name Upton, Stuart
700 ## - ADDED ENTRY--PERSONAL NAME
Personal name Grimwood, C.
700 ## - ADDED ENTRY--PERSONAL NAME
Personal name Yu, C.
700 ## - ADDED ENTRY--PERSONAL NAME
Personal name Evans, R.
710 ## - ADDED ENTRY--CORPORATE NAME
Corporate name or jurisdiction name as entry element Building Research Establishment
710 ## - ADDED ENTRY--CORPORATE NAME
Corporate name or jurisdiction name as entry element United Kingdom
Subordinate unit Department of Trade and Industry
942 ## - ADDED ENTRY ELEMENTS (KOHA)
Suppress in OPAC 0
Holdings
Withdrawn status Lost status Source of classification or shelving scheme Damaged status Not for loan Home library Current library Shelving location Date acquired Total Checkouts Full call number Barcode Date last seen Date last checked out Copy number Price effective from Koha item type
    Dewey Decimal Classification     London London BRE publications 23/04/2004 1 ENQUIRY DESK 30069147 06/08/2019 07/01/2005 1 06/08/2019 Book